LDR 00726naa#a2200181#i#450# 001 RU\\bibl\116881 005 20260603101522.3 011 ## _a2588-0209 100 ## _a20260227b2026####ek#y0rusy0150####ca 102 ## _aRU 200 1# _aПроблемы орошаемого земледелия в степной зоне _eЖурнальная статья 210 1# _aМосква _cЭлектронная наука _d2026 215 ## _a11 с. 608 ## _aЖурнальная статья _2local 675 ## _aОптимальные условия водного режима. 631.671.1 _z 700 #1 _aБадмаева _gСофья Эрдыниевна 700 #1 _aТарбеев _gВячеслав Александрович 856 4# _aqje.su _u